Экспериментальное обнаружение оптического дифракционного излучения; Письма в Журнал экспериментальной и теоретической физики; Т. 67, № 10

Dettagli Bibliografici
Parent link:Письма в Журнал экспериментальной и теоретической физики: научно-теоретический журнал/ Российская академия наук (РАН).— , 1965-
Т. 67, № 10.— 1998.— [С. 760-764]
Altri autori: Внуков И. Е., Калинин Б. Н., Науменко Г. А. Геннадий Андреевич, Падалко Д. В., Потылицын А. П. Александр Петрович, Чефонов О. В.
Riassunto:Заглавие с экрана
Lingua:russo
Pubblicazione: 1998
Soggetti:
Accesso online:http://www.jetpletters.ac.ru/ps/1009/article_15331.shtml
Natura: MixedMaterials Elettronico Capitolo di libro
KOHA link:https://koha.lib.tpu.ru/cgi-bin/koha/opac-detail.pl?biblionumber=636373

MARC

LEADER 00000nla0a2200000 4500
001 636373
005 20250327090110.0
035 |a (RuTPU)RU\TPU\network\322 
090 |a 636373 
100 |a 20131210d1998 k||y0rusy50 ca 
101 0 |a rus 
102 |a RU 
135 |a drnn ---uucaa 
181 0 |a i  
182 0 |a b 
200 1 |a Экспериментальное обнаружение оптического дифракционного излучения  |f И. Е. Внуков [и др.] 
203 |a Текст  |c электронный 
300 |a Заглавие с экрана 
320 |a [Библиогр.: с. 764 (13 назв.)] 
461 |t Письма в Журнал экспериментальной и теоретической физики  |o научно-теоретический журнал  |f Российская академия наук (РАН)  |d 1965- 
463 |t Т. 67, № 10  |v [С. 760-764]  |d 1998 
610 1 |a электронный ресурс 
610 1 |a труды учёных ТПУ 
610 1 |a дифракционное излучение 
610 1 |a ультрарелятивистские электроны 
610 1 |a переходное излучение 
701 1 |a Внуков  |b И. Е. 
701 1 |a Калинин  |b Б. Н. 
701 1 |a Науменко  |b Г. А.  |c физик  |c ведущий научный сотрудник Томского политехнического университета  |f 1947-  |g Геннадий Андреевич  |3 (RuTPU)RU\TPU\pers\26566 
701 1 |a Падалко  |b Д. В. 
701 1 |a Потылицын  |b А. П.  |c российский физик  |c профессор Томского политехнического университета  |f 1945-  |g Александр Петрович  |3 (RuTPU)RU\TPU\pers\15853  |9 5531 
701 1 |a Чефонов  |b О. В. 
801 2 |a RU  |b 63413507  |c 20160211  |g RCR 
856 4 |u http://www.jetpletters.ac.ru/ps/1009/article_15331.shtml 
942 |c CF